000 00913nam a22002051a 4500
003 OSt
005 20150408114033.0
008 120510s2012 mr ||||g |||| 00| 0 ara d
020 _a9786144162286
040 _aعمادة شؤون المكتبات في جامعة المجمعة
082 0 4 _221
_a953.02
_b953.02 ظ ن م
100 1 _aناصيري، محمد
245 1 0 _aظاهرة الاختلاف في المجتمع النبوي :
_bمظاهرها، سماتها، وسائل تدبيرها /
_cمحمد ناصيري.
250 _aط. 1.
260 _aالدار البيضاء، المغرب :
_bمركز التراث الثقافي المغربي ؛
_aبيروت :
_bدار ابن حزم،
_c2012
_m1433.
300 _a188 ص. ؛
_c24 سم.
650 7 _2aucsh
_aالإسلام
_xتاريخ
_yعصر صدر الإسلام، 610-661
650 7 _2aucsh
_aالسيرة النبوية
942 _2ddc
_cBOOK
999 _c23091
_d257591